Club français en Ligue des Champions (qualification inclus) - Statistiques

Statistiques générales
  • Ce quiz a été pris 79 fois
  • Le résultat moyen est 16 sur 18
Statistiques - réponses
Nombre de participation Dernière participation Meilleur résultat Réponse % Correct
18 Phase de ligue (2025) Champion (1992) Olympique de Marseille
99%
18 Demi-finale (2019) Demi-finale (2009, 2019) Olympique lyonnais
99%
19 Demi-finale (2025) Champion (2024) Paris Saint-Germain
99%
9 Huitièmes de finale (2024) Huitièmes de finale (2006, 2021, 2024) Lille LOSC
97%
20 16e de finale (2025) Finale (2003) AS Monaco
96%
10 Tour préliminaire (1981) Finale (1975) AS Saint-Etienne
95%
7 Quart de finale (2009) Demi-finale (1984) GIrondins de Bordeaux
93%
3 Phase de groupe (2023) Phase de groupe (1997, 2002, 2023) RC Lens
93%
4 3e tour de qualification (2025) Quart de finale (1956, 1959) OGC Nice
92%
8 2e phase de groupe (2001) Demi-finale (1995) FC Nantes
89%
4 Quart de finale (1962) Finale (1955, 1958) Stade de Reims
89%
1 16e de finale (2024) 16e de finale (2024) Stade brestois 29
88%
1 Phase de groupe (2020) Phase de groupe (2020) Stade rennais
85%
1 Phase de groupe (2012) Phase de groupe (2012) Montpellier HSC
84%
1 3e tour de qualification (2007) 3e tour de qualification (2007) Toulouse FC
79%
3 Phase de groupe (2010) Quart de finale (1996) AJ Auxerre
77%
1 Quart de finale (1979) Quart de finale (1979) RC Strasbourg
76%
1 3e tour de qualification (1998) 3e tour de qualification (1998) FC Metz
56%
Aucun quiz correspondant
Distribution des résultats
% des personnes avec chaque résultat
Percentile par nombre de réponses
Votre historique - résultats
Vous n’avez pas pris ce quiz